| 000 | 00698nam a2200157 a 4500 | ||
|---|---|---|---|
| 001 | 000039911 | ||
| 005 | 20201002033814.0 | ||
| 008 | 130729s1982 ru 000 0 spa d | ||
| 040 |
_aDO-SdBNP _bspa _cBNPHU |
||
| 082 |
_axxx _bG929d |
||
| 100 | 1 |
_aGuerasimov, Guennadi _966118 |
|
| 245 | 1 | 0 |
_aDesarme, partidarios y enemigos : _bacerca de los resultados del segundo periódo extraordinario de sesiones de la Asamblea General de la ONU para el desarme 7.6-10.7.1982 / _cGuennadi Guerasimov ; traductor Raul Serebriski. |
| 260 |
_a[Rusia] : _bEdit. de la Agencia de Prensa Nóvosti, _c1982. |
||
| 300 |
_a88 p. _a17 cm. |
||
| 500 | _aIncluye datos biográficos del autor en la solapa de la contracubierta. | ||
| 999 |
_c39401 _d39401 |
||